Sports Quiz

Random Sports or Basketball Quiz

5,000 Points For Two NBA Teams Quiz Stats

 Plays Quiz Updated Jul 19, 2019

Score 0/60 Timer 12:00
3 Plays Today
Team #1 Player: % Correct
23,119 - (CLE)LeBron James
97.8%
24,176 - (LAL)Kareem Abdul-Jabbar
93.8%
17,566 - (OKC)Kevin Durant
92.1%
19,201 - (MIN)Kevin Garnett
85.6%
13,895 - (LAL)Shaquille O'Neal
82.1%
17,783 - (SFW)Wilt Chamberlain
80%
17,783 - (SFW)Wilt Chamberlain
80%
7,651 - (PHI)Wilt Chamberlain
80%
13,970 - (DEN)Carmelo Anthony
79.7%
9,681 - (MIL)Ray Allen
72.9%
9,681 - (MIL)Ray Allen
72.9%
7,273 - (SEA)Ray Allen
72.9%
14,184 - (PHI)Charles Barkley
71.8%
10,712 - (PHO)Steve Nash
65.6%
11,119 - (HOU)Moses Malone
63.4%
11,083 - (WSB)Jeff Malone
63%
9,420 - (TOR)Vince Carter
63%
7,373 - (NJN)Jason Kidd
61.9%
12,562 - (POR)LaMarcus Aldridge
59.1%
10,275 - (TOR)Chris Bosh
58.4%
8,966 - (MEM)Pau Gasol
54.7%
8,298 - (ORL)Tracy McGrady
48.8%
7,936 - (NOH)Chris Paul
43.4%
15,551 - (WSB)Elvin Hayes
38.4%
10,440 - (NJN)Buck Williams
38%
9,119 - (POR)Rasheed Wallace
36.6%
8,337 - (GSW)Tim Hardaway Sr.
34.7%
12,070 - (SAC)Mitch Richmond
33.1%
6,516 - (WSB)Bernard King
30.6%
8,324 - (NOJ)Pete Maravich
27.8%
Team #1 Player: % Correct
9,261 - (MEM)Zach Randolph
26.4%
9,953 - (DAL)Jason Terry
23.6%
6,531 - (LAL)Vlade Divac
23.2%
9,248 - (MIA)Glen Rice
22.8%
9,679 - (NYK)Earl Monroe
22.7%
8,736 - (WAS)Antawn Jamison
21.5%
8,028 - (SEA)Tom Chambers
18.4%
6,848 - (UTA)Jeff Hornacek
18.3%
8,032 - (GSW)Latrell Sprewell
17.3%
6,870 - (SEA)Detlef Schrempf
17.1%
8,430 - (PHO)Larry Nance Sr.
16.4%
9,788 - (CHI)Chet Walker
15.6%
12,034 - (SEA)Jack Sikma
15.2%
8,591 - (STL)Lenny Wilkens
14.9%
9,288 - (CHI)Artis Gilmore
14.5%
5,922 - (MIL)Vin Baker
12.8%
5,675 - (LAC)Jamal Crawford
12%
9,020 - (BAL)Walt Bellamy
11%
9,020 - (BAL)Walt Bellamy
11%
5,289 - (ATL)Walt Bellamy
11%
6,713 - (UTA)Paul Millsap
10.8%
9,290 - (MIL)Terry Cummings
10.5%
6,829 - (DEN)Kiki Vandeweghe
10.2%
7,096 - (DET)Dave DeBusschere
9.1%
8,279 - (CHI)Reggie Theus
8.8%
8,177 - (HOU)Otis Thorpe
6.7%
6,607 - (GSW)Sleepy Floyd
4.4%
9,799 - (SAS)Mike Mitchell
4.3%
6,539 - (KCK)Otis Birdsong
3.4%
8,182 - (DET)Bailey Howell
3.4%

You're not logged in!

Compare scores with friends on all Sporcle quizzes.
OR
Log In

Sporcle TV

Today on Sporcle TV


Watch our educational content, quiz creation guides, and fun videos on Sporcle TV.

Show Comments

Extras

Top Quizzes Today


Score Distribution

Your Account Isn't Verified!

In order to create a playlist on Sporcle, you need to verify the email address you used during registration. Go to your Sporcle Settings to finish the process.

Report this User

Report this user for behavior that violates our Community Guidelines.

Details: